| 000 -CABECERA |
| Longitud fija campo de control |
00709nam a2200217 a 4500 |
| 001 - NÚMERO DE CONTROL |
| Número de control |
15 |
| 003 - IDENTIFICADOR DEL NÚMERO DE CONTROL |
| Identificador del número de control |
CDMR |
| 005 - FECHA Y HORA DE LA ÚLTIMA TRANSACCIÓN |
| Fecha y hora de la última transacción |
20131014113213.0 |
| 008 - CÓDIGOS DE INFORMACIÓN DE LONGITUD FIJA |
| Códigos de información de longitud fija |
130130s1985||||||||||||||||||||||||||||d |
| 020 ## - NÚMERO INTERNACIONAL NORMALIZADO PARA LIBROS |
| Número Internacional Normalizado para Libros (ISBN) |
8475850383 |
| 040 ## - FUENTE DE LA CATALOGACIÓN |
| Centro catalogador de origen |
CDMR |
| Lengua de catalogación |
cat |
| Centro transcriptor |
CDMR |
| 100 1# - PUNTO DE ACCESO PRINCIPAL-NOMBRE DE PERSONA |
| Nombre de persona |
Lerohundi, Alberto |
| 9 (RLIN) |
18 |
| 245 13 - MENCIÓN DE TÍTULO |
| Título |
La Gaceta del Norte |
| Resto del título |
: sus ochenta y tres años de vida |
| Mención de responsabilidad, etc. |
Alberto Lerchundi |
| 246 14 - VARIANTES DE TÍTULO |
| Título propio / Título en breve |
La Gaceta del Norte |
| Resto de título |
: 83 años de historia |
| 246 18 - VARIANTES DE TÍTULO |
| Título propio / Título en breve |
La Gaceta del Norte |
| Resto de título |
: ochenta y tres años de historia |
| 260 ## - PUBLICACIÓN, DISTRIBUCIÓN, ETC. (PIE DE IMPRENTA) |
| Lugar de publicación, distribución, etc. |
Bilbao |
| Fecha de publicación, distribución, etc. |
1985 |
| Nombre del editor, distribuidor, etc. |
Universidad del País Vasco. Servicio Editorial |
| 300 ## - DESCRIPCIÓN FÍSICA |
| Extensión |
216 p. |
| 610 2# - PUNTO DE ACCESO ADICIONAL DE MATERIA - NOMBRE DE ENTIDAD CORPORATIVA |
| 9 (RLIN) |
3397 |
| Nombre de entidad corporativa o nombre de jurisdicción como elemento inicial |
Gaceta del Norte |
| Subdivisió,n de materia general |
Història |
| 650 04 - PUNTO DE ACCESO ADICIONAL DE MATERIA - TÉRMINO DE MATERIA |
| 9 (RLIN) |
3729 |
| Término de materia o nombre geográfico como elemento inicial |
Premsa |
| Subdivisión de materia general |
Història |
| Subdivisión geográfica |
Espanya |
| 942 ## - ENTRADA DE ELEMENTOS AGREGADOS (KOHA) |
| Koha [por defecto] tipo de item |
Monografies |
| Fuente de clasificaión o esquema |
|